東京都 公立中高一貫校 一覧 - Statistics

General Stats
  • This quiz has been taken 10 times
  • The average score is 7 of 11
Answer Stats
Answer % Correct
小石川中等教育学校
100%
大泉高等学校附属中学校
88%
桜修館中等教育学校
75%
武蔵高等学校附属中学校
75%
両国高等学校附属中学校
75%
三鷹中等教育学校
63%
立川国際中等教育学校
63%
白鷗高等学校附属中学校
63%
九段中等教育学校
50%
南多摩中等教育学校
50%
富士高等学校附属中学校
38%
No matching quizzes found
Score Distribution
Percent of People with Each Score
Percentile by Number Answered
Your Score History
You have not taken this quiz